000 00811cam a22002651 4500
001 19615
003 BD-RjUL
005 20211209000444.0
008 140225s1966 nbu b 001 0 eng
035 _a(BD-RjUL)19675
035 _a(OCoLC)354955
040 _aDLC
_cODaWU
_dOCoLC
_dDLC
_dBD-RjUL
_beng
041 _aeng
082 _a822.5
_bCOC
100 1 _aCibber, Colley
_d1671-1757.
_960260
245 1 4 _aThe careless husband /
_cEdited by William W. Appleton.
260 _aLincoln :
_bUniversity of Nebraska Press,
_c1966.
300 _axvi, 135 p. ;
_c21 cm.
504 _aIncludes Bibliographical footnotes and index.
700 1 _aAppleton, William Worthen
_959235
942 _2ddc
_cBK
999 _c19615
_d19615